| 000 | 00579nam a2200181Ia 4500 | ||
|---|---|---|---|
| 008 | 190805s9999||||xx |||||||||||||| ||und|| | ||
| 020 |
_a9788122436105 _cRs. 299.00 |
||
| 082 | 0 | 4 |
_a004.22 _bR1401 |
| 100 | 1 | _aRam, B. | |
| 245 | 1 | 0 |
_aComputer Fundamentals: architecture and organization / _cB. Ram, Sanjay Kumar |
| 250 | _a5th ed. | ||
| 260 |
_aNew Delhi : _bNew Age International Publishers, _c2014 |
||
| 300 |
_avarious pagination _b : col. ill. _c; 24 cm. |
||
| 650 | 0 |
_aComputer architecture _vTextbooks |
|
| 700 | 1 | _aSanjay Kumar | |
| 942 | _cBK | ||
| 999 |
_c183 _d183 |
||